000 00421nam a22001577a 4500
005 20251209152933.0
008 251209b |||||||| |||| 00| 0 eng d
037 _cTB
040 _aAL
_cAL
041 _2PER
_aPER
084 _bAL
245 _aFehrist nuskha-e-hai khati deewan-e-Hafiz
260 _aNew Delhi, India:
_bMarkaz tehqiqat-e-Farsi,
942 _2CC
_cTB
_n0
999 _c1466114
_d1466114